Amantes y reinas: (Registro nro. 30668)
[ vista simple ]
| 000 -LEADER | |
|---|---|
| fixed length control field | 00289nam a22000977a 4500 |
| 008 - FIXED-LENGTH DATA ELEMENTS--GENERAL INFORMATION | |
| fixed length control field | 240220b |||||||| |||| 00| 0 eng d |
| 082 ## - DEWEY DECIMAL CLASSIFICATION NUMBER | |
| Classification number | 929.731 |
| Item number | C71a |
| 100 10 - MAIN ENTRY--PERSONAL NAME | |
| Personal name | Craveri, Benedetta |
| Relator term | autor |
| 9 (RLIN) | 43469 |
| 245 ## - TITLE STATEMENT | |
| Title | Amantes y reinas: |
| Remainder of title | El poder de las mujeres / |
| Statement of responsibility, etc. | Benedetta Craveri |
| 942 ## - ADDED ENTRY ELEMENTS (KOHA) | |
| Source of classification or shelving scheme | Dewey Decimal Classification |
| Withdrawn status | Lost status | Source of classification or shelving scheme | Damaged status | Not for loan | Home library | Current library | Shelving location | Date acquired | Total Checkouts | Full call number | Barcode | Date last seen | Date last checked out | Copy number | Price effective from | Koha item type | Public note |
|---|---|---|---|---|---|---|---|---|---|---|---|---|---|---|---|---|---|
| Dewey Decimal Classification | Biblored | Biblioteca Pública José María del Castillo y Rada | General Stacks | 02/16/2024 | 1 | 929.731 C71a | 35714005592447 | 04/09/2024 | 04/09/2024 | Ej.1 | 02/20/2024 | Books | Material Interbibliotecario BibloRed |